Advances in multiphase flow and related problems : proceedings of the Workshop on Cross Disciplinary Research in Multiphase Flow, Leesburg, Virginia, June 2-4, 1986 /

Bibliographic Details
Corporate Authors: Workshop on Cross Disciplinary Research in Multiphase Flow Leesburg, Va., Society for Industrial and Applied Mathematics
Other Authors: Papanicolaou, George
Format: Conference Proceeding Book
Language:English
Published: Philadelphia : SIAM, 1986.
Subjects:

MARC

Tag First Indicator Second Indicator Subfields
LEADER 00000cam a2200000 a 4500
001 in00000007641
005 20151006050107.0
008 870108s1986 paua b 10010 eng
010 |a  87060050  
020 |a 0898712122 
035 |a (OCoLC)16688832 
035 |9 AAA2138AM 
040 |a DLC  |c DLC  |d TXA  |d UtOrBLW 
049 |a TXAM  |c [A12629508] 
050 0 0 |a QA922  |b .W67 1986 
082 0 |a 532/.051  |2 19 
111 2 |a Workshop on Cross Disciplinary Research in Multiphase Flow  |d (1986 :  |c Leesburg, Va.) 
245 1 0 |a Advances in multiphase flow and related problems :  |b proceedings of the Workshop on Cross Disciplinary Research in Multiphase Flow, Leesburg, Virginia, June 2-4, 1986 /  |c edited by George Papanicolaou. 
264 1 |a Philadelphia :  |b SIAM,  |c 1986. 
300 |a x, 295 pages :  |b illustrations ;  |c 27 cm. 
336 |a text  |b txt  |2 rdacontent 
337 |a unmediated  |b n  |2 rdamedia 
338 |a volume  |b nc  |2 rdacarrier 
500 |a "Sponsored by SIAM and supported in part by the National Science Foundation, grant number DMS8517142." 
504 |a Includes bibliographies. 
650 0 |a Multiphase flow  |v Congresses. 
700 1 |a Papanicolaou, George. 
710 2 |a Society for Industrial and Applied Mathematics. 
999 |a MARS 
999 f f |s eaf88ee8-8384-3cc8-84ba-90d5048d97f4  |i 22554eaf-a79d-3760-8fb3-b8d472728d04  |t 0 
952 f f |p ric  |a Texas A&M University  |b Rellis Campus  |c Joint Library Facility  |d Remote Storage  |t 0  |e QA922 .W67 1986  |h Library of Congress classification  |i unmediated -- volume  |m A14812629508 
998 f f |a QA922 .W67 1986  |t 0  |l Remote Storage